Earthquake-discoveries in seismology (Record no. 75693)

MARC details
000 -LEADER
fixed length control field 00717nam a2200181 a 4500
008 - FIXED-LENGTH DATA ELEMENTS--GENERAL INFORMATION
fixed length control field 120416s1964 ||||||||||||||||| || u
050 ## - LIBRARY OF CONGRESS CALL NUMBER
Classification number QE 531 Don
100 ## - MAIN ENTRY--PERSONAL NAME
Personal name Don, L
245 10 - TITLE STATEMENT
Title Earthquake-discoveries in seismology
260 ## - PUBLICATION, DISTRIBUTION, ETC.
Place of publication, distribution, etc. New York
Name of publisher, distributor, etc. Dell Pub. Co
Date of publication, distribution, etc. 1964
300 ## - PHYSICAL DESCRIPTION
Extent 224p. : ill
350 ## -
-- 0.00
650 ## - SUBJECT ADDED ENTRY--TOPICAL TERM
Topical term or geographic name entry element EARTHQUAKES AND EARTH STRUCTURES
650 ## - SUBJECT ADDED ENTRY--TOPICAL TERM
Topical term or geographic name entry element Seismology
650 ## - SUBJECT ADDED ENTRY--TOPICAL TERM
Topical term or geographic name entry element EARTHQUAKES
995 ## -
-- BINDERY (DAMAGED)
-- 0.00
-- 716369
-- CBU-MAIN LIBRARY (Kitwe)
-- 1
-- 0.50
-- QE 531 Don
-- 1
-- DAMAGED
-- 716369
-- Main Library Open Access Collection
995 ## -
-- MAIN LIBRARY OPEN ACCESS
-- 0.00
-- 716370
-- CBU-MAIN LIBRARY (Kitwe)
-- 2
-- 0.50
-- QE 531 Don
-- 2
-- LOST
-- 716370
-- Main Library Open Access Collection
999 ## -
-- 75693
-- 75693
Holdings
Withdrawn status Lost status Source of classification or shelving scheme Damaged status Not for loan Permanent Location Current Location Shelving location Date acquired Total Checkouts Full call number Barcode Date last seen Copy number Price effective from Koha item type
          CBU-MAIN LIBRARY, KITWE. CBU-MAIN LIBRARY, KITWE.   04/24/2023   QE 531 Don 716369 04/24/2023 1 04/24/2023 MONOGRAPH
          CBU-MAIN LIBRARY, KITWE. CBU-MAIN LIBRARY, KITWE.   04/24/2023   QE 531 Don 716370 04/24/2023 2 04/24/2023 MONOGRAPH